Situación de los granos básicos en Centroamérica /
Analiza aspectos relacionados con la producción y el consumo de granos básicos en Centroamérica. Señala algunos de los obstáculos que limitan la oferta y la demanda de granos básicos. Estudia la política crediticia con respecto a los granos básicos, en situación de la producción de alimentos básicos...
Guardado en:
| Institution som forfatter: | |
|---|---|
| Format: | Texto |
| Sprog: | Spanish |
| Udgivet: |
Tegucigalpa:
BCIE
1979
|
| Fag: | |
| Tags: |
Tilføj Tag
Ingen Tags, Vær først til at tagge denne postø!
|
MARC
| LEADER | 00000 a a2200000 04500 | ||
|---|---|---|---|
| 001 | 20308 | ||
| 003 | cru IIS | ||
| 005 | 20220307092949.0 | ||
| 008 | 220307b1979 |||||||| |||| 00| 0 spa d | ||
| 020 | |a [sin ISBN] | ||
| 040 | |a Centro de Recursos para el Aprendizaje y la Investigación |b español |c cru IIS | ||
| 090 | |a 07.07.02 B213s | ||
| 110 | |a BCIE. Gerencia de Programación y Promoción. Area de Estudios Económicos y Programación General | ||
| 245 | |a Situación de los granos básicos en Centroamérica / |c BCIE | ||
| 260 | |a Tegucigalpa: |b BCIE |c 1979 | ||
| 300 | |a 52 páginas | ||
| 500 | |a Colección Centroamérica | ||
| 520 | |a Analiza aspectos relacionados con la producción y el consumo de granos básicos en Centroamérica. Señala algunos de los obstáculos que limitan la oferta y la demanda de granos básicos. Estudia la política crediticia con respecto a los granos básicos, en situación de la producción de alimentos básicos, la producción y consumo humano per capita de alimentos, las importaciones de granos básicos, las dificultades de almacenamiento y las posibilidades de incorporación de nuevas áreas. Examina el papel actual y futuro del BCIE en el fomento de sueros alimenticios, y el grado en el cual el BCIE podría contribuir a reducir los defectos futuros de la crisis alimentarias./ACM | ||
| 650 | |a AMERICA CENTRAL |0 TESAUROS | ||
| 650 | |a ESTADISTICAS AGRICOLAS |0 TESAUROS | ||
| 650 | |a ESTADISTICAS ALIMENTARIAS |0 TESAUROS | ||
| 650 | |a CUADROS ESTADISTICOS |0 TESAUROS | ||
| 852 | 1 | 1 | |a 07.07.02 B213s |
| 942 | |2 ddc |c LI |h 07.07.02 B213s |k 07.07.02 |m B213s |6 070702_B213S | ||
| 999 | |c 11999 |d 11999 | ||
